The Doctors of Grey's Anatomy - Statistics

General Stats
  • This quiz has been taken 6,091 times
    6,088 since last reset
  • The average score is 16 of 52
Answer Stats
Hint Answer % Correct
Ellen Pompeo, 2005-Present Dr. Meredith Grey
99%
Sandra Oh, 2005-Present Dr. Cristina Yang
97%
Justin Chambers, 2005-Present Dr. Alex Karev
93%
Eric Dane, 2006-Present Dr. Mark Sloan
87%
Chandra Wilson, 2005-Present Dr. Miranda Bailey
87%
Katherine Heigl, 2005-2010 Dr. Izzie Stevens
85%
Sara Ramirez, 2006-Present Dr. Callie Torres
84%
James Pickens Jr., 2005-Present Dr. Richard Webber
84%
T.R. Knight, 2005-2009 Dr. George O'Malley
83%
Patrick Dempsey, 2005-Present Dr. Derek Shepherd
80%
Jesse Williams, 2009-Present Dr. Jackson Avery
80%
Jessica Capshaw, 2009-Present Dr. Arizona Robbins
79%
Kevin McKidd, 2008-Present Dr. Owen Hunt
78%
Chyler Leigh, 2007-Present Dr. Lexie Grey
77%
Isaiah Washington, 2005-2007 Dr. Preston Burke
76%
Sarah Drew, 2009-Present Dr. April Kepner
71%
Kim Raver, 2009-Present Dr. Teddy Altman
55%
Caterina Scorsone, 2010-2012 Dr. Amelia Shepherd
50%
Debbie Allen, 2011-2012 Dr. Catherine Avery
45%
Brooke Smith, 2006-2008 Dr. Erica Hahn
31%
Kate Walsh, 2005-Present Dr. Addison Montgomery-Shepherd
26%
Jason George, 2010-Present Dr. Ben Warren
22%
Robert Baker, 2009-Present Dr. Charles Percy
10%
Nora Zehetner, 2009-2010 Dr. Reed Adamson
8%
Peter MacNicol, 2010-2011 Dr. Robert Stark
4%
Chris O'Donnell, 2006 Dr. Finn Dandridge
3%
Rachael Taylor, 2011 Dr. Lucy Fields
3%
Merrin Dungey, 2007 Dr. Naomi Bennett
3%
Melissa George, 2008-2009 Dr. Sadie Harris
3%
Taye Diggs, 2007-2009 Dr. Sam Bennett
3%
Mark Saul, 2007-Present Dr. Steve Mostow
3%
Kali Rocha, 2006-2007 Dr. Sydney Heron
3%
Amy Brenneman, 2007 Dr. Violet Turner
3%
Paul Adelstein, 2007 Dr. Cooper Freedman
2%
Tim Daly, 2007 Dr. Pete Wilder
2%
Brandon Scott, 2008-2009 Dr. Ryan Spalding
2%
Mary McDonnell, 2008-2009 Dr. Virginia Dixon
2%
James Tupper, 2010-2011 Dr. Andrew Perkins
1%
Phil Abrams, 2009-2010 Dr. Jim Nelson
1%
Payton Silver, 2009-2012 Dr. Knox
1%
Amanda Fuller, 2012 Dr. Morgan Peterson
1%
Edward Herrmann, 2007 Dr. Norman Shales
1%
Anjul Nigam, 2005-2007 Dr. Raj Nigam
1%
Amy Madigan, 2008-2009 Dr. Wyatt
1%
Roger Rees, 2007 Dr. Colin Marlow
0%
Kathleen Early, 2008-2009 Dr. Daisy Pepman
0%
Kerri Higuchi, 2005-2010 Dr. Elizabeth Chen
0%
Holley Fain, 2011-2012 Dr. Julia Canner
0%
Regi Davis, 2009-2010 Dr. Kevin Fisher
0%
Leith M. Burke, 2010-2012 Dr. McQueen
0%
Marty Lodge, 2005-2010 Dr. Milton
0%
Kimberly Elise, 2009 Dr. Swender
0%
No matching quizzes found
Score Distribution
Percent of People with Each Score
Percentile by Number Answered
Your Score History
You have not taken this quiz since the last reset